Guess the Britney Spears Music Video by Picture - Statistics

General Stats
  • This quiz has been taken 56 times
  • The average score is 19 of 30
Answer Stats
Picture Answer % Correct
Toxic
98%
…Baby One More Time
94%
Womanizer
94%
Oops! …I Did It Again
91%
Circus
83%
Lucky
81%
Gimme More
77%
Work Bitch
72%
Everytime
70%
I'm a Slave 4 U
68%
Me Against the Music
68%
Stronger
66%
Criminal
64%
I Wanna Go
64%
Sometimes
64%
If U Seek Amy
62%
I'm Not a Girl, Not Yet a Woman
62%
(You Drive Me) Crazy
62%
3
60%
Piece of Me
57%
Till the World Ends
53%
Overprotected
49%
From the Bottom of My Broken Heart
47%
Slumber Party
47%
Boys
45%
My Prerogative
45%
Make Me…
43%
Don't Let Me Be the Last to Know
40%
Do Somethin'
40%
Someday (I Will Understand)
36%
No matching quizzes found
Score Distribution
Percent of People with Each Score
Percentile by Number Answered
Your Score History
You have not taken this quiz